A Flower Lover's Guide to Mexico /
Breve guía de la flora mexicana, estructurada en los siguientes apartados: 1) Esta tierra floreciente, 2) Flores entre los antiguos mexicanos, 3) Arboles y arbustos, 4) Bulbos nativos, 5) Cactáceas y otras plantas suculentas, 6) Vides florecientes, 7) Plantales anuales y plantas perennes, 8) Orquíde...
Guardat en:
| Autor principal: | |
|---|---|
| Format: | Llibre |
| Idioma: | espanyol |
| Publicat: |
México :
Minutiae Mexicana,
1998, c1998
|
| Edició: | 11a edición |
| Col·lecció: | (Minutiae Mexicana)
|
| Matèries: | |
| Etiquetes: |
Sense etiquetes, Sigues el primer a etiquetar aquest registre!
|
MARC
| LEADER | 00000nam^a2200000^a^4500 | ||
|---|---|---|---|
| 001 | 000343809 | ||
| 005 | 20250521000000.0 | ||
| 009 | 20260310114631.48 | ||
| 020 | |a 968-7074-39-6 | ||
| 037 | |a Acervo ITESO - Biblioteca | ||
| 041 | |a ESP | ||
| 082 | |a 581. 972 |b CLA | ||
| 100 | |a Clark, Phil |e (autor) | ||
| 240 | 1 | 3 | |a [A Guide to Mexican Flora] |
| 245 | 1 | 2 | |a A Flower Lover's Guide to Mexico / |c P. Clark. |
| 250 | |a 11a edición |b corregida y aumentada | ||
| 264 | 4 | |a México : |b Minutiae Mexicana, |c 1998, c1998 | |
| 300 | |a 112 p. | ||
| 336 | |a texto |b txt |2 rdacontenido | ||
| 337 | |a sin mediación |b n |2 rdamedio | ||
| 338 | |a volumen |b nc |2 rdasoporte | ||
| 440 | 1 | |a (Minutiae Mexicana) | |
| 520 | |a Breve guía de la flora mexicana, estructurada en los siguientes apartados: 1) Esta tierra floreciente, 2) Flores entre los antiguos mexicanos, 3) Arboles y arbustos, 4) Bulbos nativos, 5) Cactáceas y otras plantas suculentas, 6) Vides florecientes, 7) Plantales anuales y plantas perennes, 8) Orquídeas, bromelias o bromeliáceas y aráceas o aroideas y 9) Hierbas. Fue publicada originalmente en 1994 con el título A Guide to Mexican Flora. | ||
| 649 | |a XX | ||
| 650 | |a Flora - |z México - |x Descripción - |x Tema Principal | ||
| 650 | |a Botánica | ||
| 650 | |a Biología | ||
| 650 | |a Ciencias Naturales | ||
| 910 | |a Fondo General | ||
| 920 | |a Impresos - Libros | ||
| 930 | |a Colección General | ||
| 905 | |a 101 | ||
| 901 | |a 0500234186 |b IT1 |c ACC |i D53153 |u 20250521 | ||
| 902 | |a https://opac.biblio.iteso.mx/vufind/Record/000343809 | ||